'Q', 'X', 'Z' Game Quiz Stats

 Plays Quiz Updated Nov 17, 2017

Score 0/27 Timer 07:00
17 Plays Today
% Correct
Queens
86.6%
Qatar
83%
Zeus
81.8%
Zimbabwe
79.5%
Quebec
78.3%
Zambia
72.5%
Zeta
71.3%
Xylophone
71.1%
Xenon
58.7%
Zinc
52.4%
Xavier
51.9%
Xi
51.6%
Quantum of Solace
47.4%
Quartz
44.9%
% Correct
Dan Quayle
34.1%
Zirconium
31.2%
Queens Park Rangers
31.1%
Quito, Ecuador
30.2%
Zachary
26%
Zechariah
23.1%
Zagreb, Croatia
22.9%
Zephaniah
19.1%
X-Men: First Class
18.1%
Quicksilver
13%
Zosimus
8.1%
Queens Logic
7.9%
Zephyrinus
7.8%

You're not logged in!

Compare scores with friends on all Sporcle quizzes.
OR
Log In

Sporcle TV

Today on Sporcle TV


Watch our educational content, quiz creation guides, and fun videos on Sporcle TV.

Show Comments

Extras

Top Quizzes Today


Score Distribution

Your Account Isn't Verified!

In order to create a playlist on Sporcle, you need to verify the email address you used during registration. Go to your Sporcle Settings to finish the process.

Report this User

Report this user for behavior that violates our Community Guidelines.

Details: